Anatomía y fisiología del ganado /

Guardado en:
Autor Principal: Heath, E
Formato: Libro
Publicado: Buenos Aires : Hemisferio Sur, 1992
Materias:
Etiquetas: Agregar Etiqueta
Sin Etiquetas, Sea el primero en etiquetar este registro!
LEADER 00588nam a22002055a 4500
001 CEM.cems016646
005 20091204174940.0
008 130507s1992##################000#0#####d
003 CEMS
082 0 4 |a 591.1 
100 1 |a Heath, E 
245 1 0 |a Anatomía y fisiología del ganado /  |c E Heath, S Olusanya 
260 |a Buenos Aires :  |b Hemisferio Sur,  |c 1992 
300 |a 133 p. 
653 |a Ganado-anatomia 
653 |a Ganado-fisiologia 
653 |a Ganado-reproducción 
653 |a Ganado-lactancia 
653 |a Lactancia 
859 |a CEMS  |b BIB. CEMS - Agricultura  |h 591.1  |i H974  |p A18182.95  |t Ej.1